Detalles MARC
| 000 -LIDER |
| fixed length control field |
01485nam a2200337 i 4500 |
| 001 - NÚMERO DE CONTROL |
| Identificador de número de control |
000019802 |
| 003 - IDENTIFICACDOR DE NÚMERO DE CONTROL |
| control field |
DO-SdBPM |
| 005 - DATE AND TIME OF LATEST TRANSACTION |
| control field |
20260417114715.0 |
| 006 - DATOS DE LONGITUD FIJA / CARACTERÍSTICAS ADICIONALES MATERIAL CHARACTERISTICS |
| fixed length control field |
a||||gr|||| 00| 0 |
| 007 - CAMPOS FIJOS DE DESCRIPCIÓN FÍSICA |
| fixed length control field |
ta |
| 008 - ELEMENTOS DE LONGITUD FIJA |
| fixed length control field |
100707e2004 dr r 001 0 spa d |
| 040 ## - FUENTE DE CATALOGACIÓN |
| Agencia que crea de manera original el registro |
DO-SdBNP |
| Idioma de catalogación |
spa |
| Agencia que realiza la transcripción |
BPMSU |
| Convenciones de la despripción |
rda |
| 082 #4 - NÚMERO DE CLASIFICACIÓN DECIMAL DE DEWEY |
| Classification number |
348.04 |
| Item number |
R426r 1977 |
| Edition number |
22 |
| 110 1# - ASIENTO PRINCIPAL--NOMBRE CORPORATIVO |
| Nombre corporativo o de jurisdicción |
República Dominicana. |
| Unidad subordinada |
Suprema Corte de Justicia |
| 245 10 - MENCIÓN DE TITULO |
| Título |
Recopilación jurisprudencial integrada de las decisiones de la Suprema Corte de Justicia de la República Dominicana. Años 1975-1976 : |
| Subtítulo |
Presentación alfabética, cronológica y por materias de las sentencias en materia penal y procedimento penal / |
| Mención de responsabilidad |
L. Almanzor Gonzalez Cahahuate |
| 264 1# - PRODUCTION, PUBLICATION, DISTRIBUTION, MANUFACTURE, AND COPYRIGHT NOTICE |
| Place of production, publication, distribution, manufacture |
Santo Domingo : |
| Name of producer, publisher, distributor, manufacturer |
Paz, |
| Date of production, publication, distribution, manufacture, or copyright notice |
1977 |
| 300 ## - DESCRIPCIÓN FÍSICA |
| Extensión |
XLII, 98 páginas ; |
| Dimensiones |
22 cm. |
| 336 ## - CONTENT TYPE |
| Source |
rdacontent |
| Content type term |
texto |
| Content type code |
txt |
| 337 ## - MEDIA TYPE |
| Source |
rdamedia |
| Media type term |
sin mediación |
| Media type code |
n |
| 338 ## - CARRIER TYPE |
| Source |
rdacarrier |
| Carrier type term |
volumen |
| Carrier type code |
nc |
| 500 0# - NOTA GENERAL |
| Nota general |
Incluye datos biográficos del autor.- |
| 500 0# - NOTA GENERAL |
| Nota general |
Incluye apéndice.- |
| 500 0# - NOTA GENERAL |
| Nota general |
Incluye referencias bibliográficas y notas al pie de páginas.- |
| 590 ## - NOTA LOCAL |
| Texto de la nota local |
Inventariado 2025 /VM |
| 650 #4 - ENCABEZAMIENTO DE MATERIA--TEMÁTICO |
| Término temático o nombre geográfico como elemento de entrada |
Jurisprudencia |
| Subdivisión geográfica |
República Dominicana |
| Subdivisión temática general |
Recopilaciones, repertorios, etc. |
| 650 #4 - ENCABEZAMIENTO DE MATERIA--TEMÁTICO |
| Término temático o nombre geográfico como elemento de entrada |
Sentencias |
| Subdivisión geográfica |
República Dominicana |
| Subdivisión temática general |
Recopilaciones, repertorios, etc. |
| 700 ## - ASIENTO SECUNDARIO -- NOMBRE PERSONAL |
| Nombre personal |
Pellerano Gómez , Juan Manuel , |
| Mención de responsabilidad |
prólogo. |
| 700 ## - ASIENTO SECUNDARIO -- NOMBRE PERSONAL |
| Nombre personal |
Gónzalez Canahuate, L. Almanzor, |
| Fechas asociadas con el nombre |
[1935-] |
| Mención de responsabilidad |
compilador |
| 910 ## - VALIDACIÓN |
| Validación |
VMateo V. Control de calidad. BPMSU |
| 942 ## - ADDED ENTRY ELEMENTS (KOHA) |
| Source of classification or shelving scheme |
Dewey Decimal Classification |
| Koha item type |
Libros |